00454nam a22001457a 450000500170000000800410001702000180005804100130007608200150008910000390010424500720014326000350021530000330025065000250028320231114100313.0231114b |||||||| |||| 00| 0 eng d a9780409020281 aEnglish  a344.5 VAN  aVan der Merwe, D et al. lEnglish  aInformation and Communication Technology / cD Van der Merwe et al. aDurban : bLexisNexis, c2008  bxviii, 526 pages ; c25 cm.  aLegal practice bLaw